| 000 | 00701nam a22002177a 4500 | ||
|---|---|---|---|
| 999 |
_c20959 _d20959 |
||
| 003 | AR-CdUCM | ||
| 008 | 190610b ||||| |||| 00| 0 spa d | ||
| 040 |
_aMUNICIPALIDAD PROVINCIAL DEL CUSCO _cBIBLIOTECA MUNICIPAL DEL CUSCO |
||
| 082 |
_a344.31/ _bN38 _23ed. |
||
| 100 |
_aNelson, Ernesto _943734 |
||
| 245 | _aLa delincuencia juvenil / | ||
| 260 |
_aBuenos Aires : _bLopez, _c1941. |
||
| 300 |
_a445 páginas ; _c24.5 cm. |
||
| 500 | _a[libro reempastado] | ||
| 505 | _aContenido: El medio Ambiente; el hogar -- La reconstrucción del hogar... | ||
| 650 |
_aHogar incompleto _943735 |
||
| 650 |
_aAlcoholismo _922499 |
||
| 650 |
_aDelincuencia _98785 |
||
| 942 |
_2ddc _cLIBROS |
||
| 945 | _aAndy | ||